000 00409nam a2200157 i 4500
001 bg
100 1 _aSMECHOV, Anatolij A.
245 0 _aOptimalnoe upravlenie podemno-transportnymi masinami /
_cA.A. Smechow, N.I. Erofeew.
260 _aMoskva,
_c1975.
700 1 _aEROFEEV, Nikolaj I.
040 _cBPK
041 _apol
080 _a621.87
942 _cKS
008 s pl f |000 0 pol
999 _c16498
_d16498
856 _uhttp://koha.tu.koszalin.pl/cgi-bin/koha/opac-detail.pl?biblionumber=16498
_yKatalog online BPK